| 000 | 00623nac a22001451u 4500 | ||
|---|---|---|---|
| 008 | 100810t1978 ua|||||r|||| 001 0dara d | ||
| 082 |
_bس ب ع _a189 |
||
| 100 |
_aابن سبعين، _917392 _qعبد الحق بن ابراهيم بن نصر بن محمد |
||
| 245 |
_aبد العارف / _cابن سبعين؛ تحقيق وتقديم الدكتور جورج كتوره |
||
| 260 |
_aبيروت : _bدار الأندلس ، _c1978 |
||
| 300 |
_a377ص؛ _c24سم. |
||
| 500 | _aيحتوي على كشاف بالأعلام | ||
| 700 |
_917339 _aكتوره، جورج _eتحقيق و تقديم |
||
| 942 |
_cBB _k189 س ب ع _2ddc |
||
| 999 |
_c6754 _d6754 |
||